| 000 | 00433nam a2200145 4500 | ||
|---|---|---|---|
| 001 | 145126 | ||
| 003 | ES-MaACL | ||
| 007 | t| | ||
| 008 | 070214s1982 sp r ||||1| spa d | ||
| 100 | 1 |
_aSoto Nieto, Francisco. _9107521 |
|
| 245 | 1 | 3 |
_aLa reponsabilidad civil derivada del ilĂcito culposo / _cFrancisco Soto Nieto. |
| 260 |
_aMadrid : _bMontecorvo, _c1982. |
||
| 300 |
_a588 p. ; _c24 cm. |
||
| 852 |
_aES-MaACL _jL-4611 _bR.104844 |
||
| 999 |
_c145126 _d145126 |
||